1202 1010 1904 1641 1446 1424 1648 1236 1755 1893 1291 1424 1628 1572 1802 1223 1775 1741 1171 1492 1651 1941 1466 1873 1206 1684 1888 1985 1152 1189 1535 1960 1645 1988 1080 1433 1396 1029 1551 1084 1669 1255 1875 1071 1796 1983 1672 1641 1641 1133 1108 1453 1941 1368 1386 1249 1219 1611 1745 1121 1942 1873 1044 1931 1141 1408 1631 1755 1345 1062 1575 1786 1818 1888 1077 1103 1112 1633 1489 1844 1628 1881 1112 1831 1759 1188 1205 1127 1369 1586 1023 1466 1665 1294 1663 1785 1389 1550 1300 BCNSPRNW ULIB Ver.6.0+V

เปลี่ยนเป็นภาษาไทย

Change to English
 แสดงรายละเอียดบรรณานุกรม
  กลับหน้าหลัก

Brief Record : Get Marc (ISO 2709) : E-mail record : QR code < ปิดหน้าต่าง
LEADER : 00000nam 2200000uu 4500
001    13399122971
003     ULIB
008    131115s2556||||th 000 0 tha d
020    ^a9786162830730 (cloth.)
050  4 ^aDS586^bจ132 ล.2
245 00 ^aจดหมายเหตุเฉลิมพระเกียรติพระบาทสมเด็จพระปรมินทรมหาภูมิพลอดุลยเดช เนื่องในโอกาสพระราชพิธีมหามงคลเฉลิมพระชนมพรรษา 7 รอบ 5 ธันวาคม 2554 /^cคณะกรรมการฝ่ายประมวลเอกสารและจดหมายเหตุ โดย กรมศิลปากร กระทรวงวัฒนธรรม
260    ^aกรุงเทพฯ :^bกรมศิลปากร,^c2556.
300    ^a2 เล่ม :^bภาพประกอบสี ;^c30 ซม. +^eซีดี-รอม 2 แผ่น
505 2  ^aเล่ม 2 ภาคที่ 6-- เล่ม 2 โครงการและกิจกรรมเฉลิมพระเกียรติ.
600 04 ^aภูมิพลอดุลยเดช,^cพระบาทสมเด็จพระปรมินทรมหา,^d2470-
650  4 ^aพระราชพิธีมหามงคลเฉลิมพระชนมพรรษา 7 รอบ 5 ธันวาคม 2554
710 2  ^aกรมศิลปากร
856    ^zT07851_2.pdf (Content)^uhttp://192.168.190.19/ULIB6//_fulltext/5/13399122971/20131115150039_4397.pdf
945    ^p0^l0^i034164
999    ^aเกษร โพธิ์สุวรรณ
รายการนี้ยังไม่มีแท็ก
คุณยังไม่ได้ล็อกอิน คุณสามารถมีกิจกรรมร่วมกับเว็บไซต์ได้ แต่ต้องล็อกอินก่อน ::
  ล็อกอิน

รายการสื่อสารสนเทศ

ลำดับที่ ประเภท เลขเรียก/บาร์โค้ด สถานที่ สถานะ
- ไม่พบข้อมูล -

BibComment


ยังไม่เคยถูกคอมเมนท์

คอมเมนท์ทรัพยากรรายการนี้
  คอมเมนท์: จดหมายเหตุเฉลิมพ..


 Copyright 2026. Bcnsprnw @Library